Dans quelles villes se trouvent ces gares ? - Statistiques

Statistiques générales
  • Ce quiz a été pris 112 fois
  • Le résultat moyen est 16 sur 30
Statistiques - réponses
Hint Réponse % Correct
St Lazare Paris
94%
Bercy Paris
89%
Montparnasse Paris
88%
Austerlitz Paris
88%
Flandres Lille
83%
Perrache Lyon
83%
St Charles Marseille
83%
Part-Dieu Lyon
82%
Pont du Gard Nîmes
70%
Matabiau Toulouse
69%
St Jean Bordeaux
65%
Château-Rive gauche Versailles
59%
Chantiers Versailles
58%
St Roch Montpellier
57%
Sud-de-France Montpellier
54%
St Laud Angers
52%
Bénédictins Limoges
52%
St Roch Montpellier
49%
Padirac Rocamadour
49%
Châteaucreux Saint-Etienne
45%
Viotte Besançon
44%
Fréthun Calais
41%
St Gervais Auxerre
28%
Porte Neuve Dijon
27%
Maison-Blanche Reims
24%
La Terrasse Saint-Etienne
24%
La Pardieu Clermont-Ferrand
22%
Bellevue Saint-Etienne
20%
Mésanges Colmar
19%
Le Clapier Saint-Etienne
17%
Aucun quiz correspondant
Distribution des résultats
% des personnes avec chaque résultat
Percentile par nombre de réponses
Votre historique - résultats
Vous n’avez pas pris ce quiz